000 00594nam a2200205Ii 4500
001 5918
003 CO-ViMGA
008 241108s9999||||xx |||||||||||||| ||und||
040 _aCO-ViMGA
_bspa
_erda
_cCO-ViMGA
041 0 _aunk
082 0 4 _a861-G245
100 1 _aRamón Garzón Mendoza
_956748
245 1 0 _a<El> sueño de Fausto
264 1 _a[Lugar de publicación no identificado] : Feriva, 1984
300 _avolumen
336 _atext
_btxt
_2rdacontent
337 _aunmediated
_bn
_2rdamedia
338 _avolume
_bnc
_2rdacarrier
940 _aidficha_siabuc: 5771. -- ficha_no_siabuc:5918
999 _c54869
_d54869